Matahari

Bibliographic Details
Main Author: Tere Liye
Format: Book
Published: Selangor : Lejen Press Sdn. Bhd. , 2017
Subjects:

MARC

LEADER 00000cam a2200000 7i4500
001 0000084476
005 20191202.0
008 191202
020 |a 9789670591810 
041 0 |a Malay 
090 0 0 |a TER   |b MAL 
100 0 |a Tere Liye 
245 0 0 |a Matahari   |c Tere Liye 
260 |a Selangor :   |b Lejen Press Sdn. Bhd. ,   |c 2017 
300 |a 349 p. ;   |c 19.4 cm. 
541 0 0 |c Purchased on 2019   |f 2019/150 ANL   |h RM24.00 
650 0 |a Malay fiction 
999 |a 0001605334   |b Book   |c Adult Collection   |e Cawangan Kota Tinggi 
999 |a 0001605335   |b Book   |c Adult Collection   |e Cawangan Taman Universiti 
999 |a 0001605336   |b Book   |c Adult Collection   |e Cawangan Mersing 
999 |a 0001605337   |b Book   |c Adult Collection   |e Cawangan Tangkak 
999 |a 0001605338   |b Book   |c Adult Collection   |e Cawangan Bandar Penawar 
999 |a 0001605339   |b Book   |c Adult Collection   |e Cawangan Taman Sri Lambak 
999 |a 0001605340   |b Book   |c Adult Collection   |e Cawangan Batu Pahat 
999 |a 0001605341   |b Book   |c Adult Collection   |e Cawangan Tmn. Ungku Tun Aminah 
999 |a 0001605342   |b Book   |c Adult Collection   |e Cawangan Segamat 
999 |a 0001605343   |b Book   |c Adult Collection   |e Cawangan Bukit Gambir 
999 |a 0001605344   |b Book   |c Adult Collection   |e Cawangan Pontian 
999 |a 0001605346   |b Book   |c Adult Collection   |e Cawangan Bandar Tenggara 
999 |a 0001605347   |b Book   |c Adult Collection   |e Cawangan Muar 
999 |a 0001605578   |b Book   |c Adult Collection   |e Perbadanan Perpustakaan Awam Johor 
999 |a 0001605580   |b Book   |c Adult Collection   |e Cawangan AEON Kulaijaya